000 00608nam a2200181 4500
999 _c189714
_d189714
005 20220711155252.0
010 _aENG-133464
020 _a9788193364796
_c495.00
035 _aEN-116996
037 _bDBAD/PUB
082 _a306
100 _aRao, K. Mohan
245 _aTribal Development:
_bChanging Scenario, Emerging Strategies/
_cK. Mohan Rao
260 _aHyderabad
_bNeelkamal Publication Pvt. Ltd.
_c2017
270 _aSultan Bazar
_bHyderabad
_e500095
_k040-24757140
_mneelkamalbooks@gmail.com
300 _axv,316p.
_c24cm(pbk)
_bIndex, Bibliography
942 _2ddc
_cEN
_h306
_mRAO